000 00519nam a2200193Ia 4500
003 GCL
008 140319s9999 xx 000 0 eng d
020 _a8250419332
040 _aGCL /
_cGCL
082 0 4 _a839.82
_bA N
100 1 _aASBJORNEN,PETER CHRISTEN
245 1 0 _aNORWEGIAN FOLK TALES /
_cASBJORNEN,PETER CHRISTEN
250 _aTWO
260 _aالنرويج :
_bGRONDAHL DREYER ،
_c1994
300 _a105 P ؛
_c23 cm.
650 0 4 _aFOLK - LITERATURE
650 0 4 _aNORWAY-LITERATURE
942 _2ddc
_cBK
999 _c3093
_d3093